[Event "Salon de Provence op 1st"]
[Site "Salon de Provence"]
[Date "2006.04.27"]
[Round "5"]
[White "Paolillo, Jeremy"]
[Black "De Laubadere, Philippe"]
[Result "0-1"]
[WhiteElo "1510"]
[BlackElo "1997"]
[PlyCount "76"]
[EventDate "2006.04.24"]
[EventType "swiss"]
[EventRounds "7"]
[EventCountry "FRA"]
[SourceTitle "CBM 112 Extra"]
[Source "ChessBase"]
[SourceDate "2006.07.14"]
[SourceVersion "1"]
[SourceVersionDate "2006.07.14"]
[SourceQuality "1"]

1. d4 f5 2. c4 Nf6 3. Nc3 g6 4. Nf3 Bg7 5. Bg5 0-0 6. e3 d6 7. Be2 c6 8. 0-0 Qe8 9. Qc2 e5 10. Rad1 e4 11. Nd2 h6 12. Bf4 Qe7 13. h3 Be6 14. c5 dxc5 15. dxc5 Qf7 16. b3 Nbd7 17. b4 Rfd8 18. a3 Nf8 19. Ncb1 Nd5 20. Bd6 g5 21. Nc4 Ng6 22. Bh5 Qf6 23. Bxg6 Qxg6 24. Be5 Bxe5 25. Nxe5 Qf6 26. Nc4 Rd7 27. Nd6 b5 28. Rd4 a5 29. Rc1 axb4 30. axb4 Rda7 31. Nc3 Nxc3 32. Qxc3 Ra3 33. Qd2 Ra2 34. Qd1 Kh7 35. Nb7 f4 36. exf4 Qxf4 37. Na5 Qxf2+ 38. Kh1 Qxg2# 0-1

[Event "Salon de Provence op 1st"]
[Site "Salon de Provence"]
[Date "2006.04.27"]
[Round "6"]
[White "Parroco, Pierre Jean"]
[Black "Paolillo, Jeremy"]
[Result "1-0"]
[WhiteElo "1802"]
[BlackElo "1510"]
[PlyCount "71"]
[EventDate "2006.04.24"]
[EventType "swiss"]
[EventRounds "7"]
[EventCountry "FRA"]
[SourceTitle "CBM 112 Extra"]
[Source "ChessBase"]
[SourceDate "2006.07.14"]
[SourceVersion "1"]
[SourceVersionDate "2006.07.14"]
[SourceQuality "1"]

1. e4 e5 2. Nf3 Nc6 3. Bb5 d6 4. 0-0 Bd7 5. c3 a6 6. Ba4 Nf6 7. Re1 g6 8. d4 Bg7 9. Nbd2 0-0 10. Nf1 b5 11. Bc2 Bg4 12. d5 Ne7 13. b3 Nc8 14. h3 Bd7 15. Be3 Rb8 16. Rc1 Nb6 17. Bd3 c5 18. dxc6 Bxc6 19. Ng3 Qd7 20. Qd2 Rfc8 21. Bh6 Na8 22. Nh4 d5 23. Bxg7 Kxg7 24. Nhf5+ Kh8 25. Qg5 Qe6 26. Nh6 Nd7 27. exd5 Qxd5 28. Be4 Qe6 29. Ng4 f6 30. Qh6 Bxe4 31. Nxe4 f5 32. Ng5 Qe7 33. Nxe5 Nxe5 34. Rxe5 Qd7 35. Rce1 Kg8 36. Re7 1-0

[Event "Salon de Provence op 1st"]
[Site "Salon de Provence"]
[Date "2006.04.25"]
[Round "2"]
[White "Canonge, Jerome"]
[Black "Paolillo, Jeremy"]
[Result "0-1"]
[WhiteElo "1888"]
[BlackElo "1510"]
[PlyCount "96"]
[EventDate "2006.04.24"]
[EventType "swiss"]
[EventRounds "7"]
[EventCountry "FRA"]
[SourceTitle "CBM 112 Extra"]
[Source "ChessBase"]
[SourceDate "2006.07.14"]
[SourceVersion "1"]
[SourceVersionDate "2006.07.14"]
[SourceQuality "1"]

1. g4 d5 2. Bg2 Bxg4 3. c4 e6 4. cxd5 exd5 5. Qb3 Nf6 6. Qxb7 Nbd7 7. Nc3 Nc5 8. Qb5+ c6 9. Qxc6+ Bd7 10. Bxd5 Bxc6 11. Bxc6+ Ncd7 12. Bxa8 Qxa8 13. f3 a6 14. d4 Bd6 15. e4 Bb4 16. Nge2 Qa7 17. Be3 Qb7 18. 0-0-0 0-0 19. Kc2 Nb6 20. Rb1 Rc8 21. a3 Bxc3 22. bxc3 Qc7 23. Rb3 Nc4 24. Bf4 Qd7 25. Kd3 Nh5 26. Bg3 Nxg3 27. hxg3 f5 28. Rhb1 fxe4+ 29. fxe4 Qg4 30. Rf1 Nd6 31. Rf4 Qe6 32. d5 Qe5 33. Nd4 g5 34. Nf3 Qe7 35. Rg4 Kf8 36. Nxg5 h5 37. Ne6+ Ke8 38. Rg8+ Kd7 39. Rg7 Nf7 40. Rb7+ Kd6 41. e5+ Nxe5+ 42. Kc2 Qf6 43. Nf4 Qf5+ 44. Kd1 Rxc3 45. Rb6+ Kc5 46. Rc7+ Kxb6 47. Rxc3 Qb1+ 48. Kd2 Qb2+ 0-1

[Event "Salon de Provence op 1st"]
[Site "Salon de Provence"]
[Date "2006.04.24"]
[Round "1"]
[White "Paolillo, Jeremy"]
[Black "Busson, Benoist"]
[Result "1-0"]
[WhiteElo "1510"]
[BlackElo "2086"]
[PlyCount "86"]
[EventDate "2006.04.24"]
[EventType "swiss"]
[EventRounds "7"]
[EventCountry "FRA"]
[SourceTitle "CBM 112 Extra"]
[Source "ChessBase"]
[SourceDate "2006.07.14"]
[SourceVersion "1"]
[SourceVersionDate "2006.07.14"]
[SourceQuality "1"]

1. d4 d5 2. Nf3 Nc6 3. Nc3 Nf6 4. Bf4 a6 5. h3 Ne4 6. Nxe4 dxe4 7. Ne5 Nxd4 8. e3 Ne6 9. Qxd8+ Nxd8 10. Rd1 Be6 11. Be2 g6 12. 0-0 Bg7 13. c3 0-0 14. a3 Rc8 15. Nd7 Bxd7 16. Rxd7 e5 17. Bg5 Ne6 18. Be7 Rfe8 19. Rfd1 Nf8 20. Bxf8 Kxf8 21. Bc4 Re7 22. Rd8+ Re8 23. Rxc8 Rxc8 24. Rd7 Ke8 25. Rxf7 Bf8 26. Rxh7 b5 27. Bd5 c5 28. Bb7 Rb8 29. Bxa6 Rb6 30. Bb7 Rd6 31. Bxe4 Rd1+ 32. Kh2 g5 33. Bc6+ Kd8 34. Bxb5 Rd2 35. c4 e4 36. Kg3 Rxb2 37. a4 Be7 38. a5 Bf6 39. a6 Be5+ 40. Kg4 Ra2 41. Rb7 Bc7 42. a7 Kc8 43. Bc6 Ra6 1-0